| 000 | 00621nam a2200181Ia 4500 | ||
|---|---|---|---|
| 008 | 100920s9999 xx 000 0 und d | ||
| 082 |
_b87727 _a320 थ 46 |
||
| 100 | _aदेवगिरीकर त्र्यंबक रघुनाथ. | ||
| 245 | _aघटना परिषद. | ||
| 260 |
_bकाँन्टिनेन्टल प्रकाशन, पुणे. _c1946 |
||
| 300 |
_a127 _bसाधी |
||
| 365 | _b2 | ||
| 520 | _aराजकारण. | ||
| 630 | _aघटना परिषद. | ||
| 650 | _aराजकारण. | ||
| 730 | _aघटना परिषद. | ||
| 942 | _cBOOK | ||
| 999 |
_c728236 _d728233 |
||